000 00471nam a2200181Ia 4500
001 10616
005 20260306161845.0
008 260306t1971||||xx |||||||||||||| ||spa||
041 _aESP
082 _a944.05
_bM31
100 _aNapoleón I Emperador de Francia (1769-1821)
_eAUT
245 0 _aMáximas de Napoleón sobre el arte de la guerra
260 _c1971
300 _a199 páginas :
_c21 cm.
650 _aGEN
654 _aCHU
942 _cLIB
_dJUS
_fJUS
_2ddc
_n
999 _c10616
_d10616